| 000 | 00497nam a22001937a 4500 | ||
|---|---|---|---|
| 003 | LK-CoDNM | ||
| 005 | 20241023095709.0 | ||
| 008 | 241023b |||||||| |||| 00| 0 eng d | ||
| 040 |
_aLK-CoDNM _dLK-CoDNM _eLK-CoDNM |
||
| 041 | _asin | ||
| 080 |
_aප්ර ම _b40 |
||
| 100 | _aරාජදාස ජොන් | ||
| 245 |
_aමි වදය _bVOL 3 NO 8 _c1948 FEBRUARY |
||
| 260 | _c1948 | ||
| 300 | _a16P. : 22 CM | ||
| 650 | _aමි වදය | ||
| 650 | _a1946 | ||
| 942 | _cBK | ||
| 999 |
_c221201 _d221201 |
||